Joueurs de tennis par Emojis - Statistiques

Statistiques générales
  • Ce quiz a été pris 189 fois
  • Le résultat moyen est 7 sur 10
Statistiques - réponses
Indice Réponse % Correct
🟧🏆1️⃣4️⃣ Rafaël Nadal
99%
💉❌🥗 Novak Djokovic
97%
🟩⌚👑 Roger Federer
94%
⛷️💖👨🏻‍🦰 Jannik Sinner
76%
💥⚡🟧🟩🟦 Carlos Alcaraz
71%
🟧🦶🏻🛌🏼 Alexander Zverev
64%
🏛️👎👨‍👦 Stéfanos Tsitsipás
60%
🏃🏿‍♂️💨🤸🏿‍♂️ Gaël Monfils
59%
🦘🥤🍟 Nick Kyrgios
50%
🎾🤚🧢 Grigor Dimitrov
16%
Aucun quiz correspondant
Distribution des résultats
% des personnes avec chaque résultat
Percentile par nombre de réponses
Votre historique - résultats
Vous n’avez pas pris ce quiz